000 00948naa a22002777a 4500
001 BR6009266
003 BR-BrBNA
005 20240918172957.0
007 ta
008 230509b bl.||||| |||| 00| 0 por d
040 _aBR-BrBNA
_bpor
_cBiblioteca Nacional de Agricultura
041 _a(Pt)
072 _aE15
_b/G514
090 _aE15 BR6009266
100 1 _aSouza Junior, J.O. de
111 1 _aJornada de Economia Rural
_cSao Paulo, SP (Brazil)
_dNov 1942
245 1 _aO custo de producao no setor agro-pecuario [Brasil]
260 3 _aSao Paulo, SP (Brasil):
_c1947.
500 _aAnais da Jornada de Economia Rural Sao Paulo, SP (Brasil): 1947. p. 103-111 (BR6009266-AM)E15
650 _aMicroeconomia
650 _aCusto de producao
650 _aSao Paulo
773 0 _tAnais da Jornada de Economia Rural
_wE15 BR6009266
_gSao Paulo, SP (Brasil), 1947. p. 103-111
909 _a202404
_bLucia
_c55
_dLucia Elande
942 _cAM
_2AGRIS
999 _c302351
_d302351